Top ten in.... - Statistics

General Stats
  • This quiz has been taken 39 times
  • The average score is 37 of 50
Answer Stats
Answer % Correct
India
100%
India
100%
Russia
100%
Russia
100%
Russia
100%
China
97%
China
97%
Brazil
94%
Brazil
94%
Canada
94%
Australia
91%
USA
91%
USA
91%
USA
91%
Japan
85%
Norway
85%
Argentina
82%
Pakistan
82%
Iceland
79%
Nigeria
79%
Algeria
76%
Indonesia
76%
Kazakhstan
76%
DR Congo
74%
Ukraine
74%
Afghanistan
71%
Denmark
71%
Ireland
71%
Ireland
71%
Luxembourg
71%
Sudan
71%
Switzerland
71%
Switzerland
71%
United Arab Emirates
71%
New Zealand
68%
Qatar
68%
Ethiopia
65%
South Sudan
65%
Syria
65%
Yemen
65%
Bangladesh
62%
Iraq
62%
Singapore
62%
Singapore
62%
Somalia
62%
Austria
53%
San Marino
53%
Portugal
50%
Slovenia
35%
Macao
6%
No matching quizzes found
Score Distribution
Percent of People with Each Score
Percentile by Number Answered
Your Score History
You have not taken this quiz